000 00298nam a2200121Ia 4500
008 220204s9999 xx 000 0 und d
082 _a54-14
_bWAT
100 _aMcGee, I J
245 0 _aLiquid state chemical physics
260 _aNew York
_bJohn Wiley
_c1976
700 _aWatts, R O
942 _cBK
999 _c25714
_d25714